Model Course 3.18: Safe packing of cargo transport units (CTUs) : Course (Record no. 4742)

000 -LEADER
fixed length control field 00459nam a2200157Ia 4500
008 - FIXED-LENGTH DATA ELEMENTS--GENERAL INFORMATION
fixed length control field 200103s9999||||xx |||||||||||||| ||und||
020 ## - INTERNATIONAL STANDARD BOOK NUMBER
International Standard Book Number 9280151169
082 ## - DEWEY DECIMAL CLASSIFICATION NUMBER
Classification number 387.544
Item number IMO
100 ## - MAIN ENTRY--PERSONAL NAME
Personal name International Maritime Organization
245 #0 - TITLE STATEMENT
Title Model Course 3.18: Safe packing of cargo transport units (CTUs) : Course
260 ## - PUBLICATION, DISTRIBUTION, ETC. (IMPRINT)
Name of publisher, distributor, etc IMO
Date of publication, distribution, etc 2001
Place of publication, distribution, etc London
300 ## - PHYSICAL DESCRIPTION
Extent v, 153p.
650 ## - SUBJECT ADDED ENTRY--TOPICAL TERM
Topical term or geographic name as entry element Transport units
650 ## - SUBJECT ADDED ENTRY--TOPICAL TERM
Topical term or geographic name as entry element Ships--Cargo--Safety measures
942 ## - ADDED ENTRY ELEMENTS (KOHA)
Item type Books
Holdings
Withdrawn status Lost status Source of classification or shelving scheme Damaged status Not for loan Collection code Permanent location Current location Shelving location Date acquired Full call number Barcode Date last seen Koha item type Public note
          Reference IMU-MPC Library IMU-MPC Library Reference 2020-01-08 387.544 IMO MPCGEC499 2025-03-17 Books Column-11
          Reference IMU-MPC Library IMU-MPC Library Reference 2021-04-06 387.544 IMO MPC6239 2025-03-17 Books Column-11
Copyright © 2021 Indian Maritime University, Mumbai Port Campus. All Rights Reserved. Managed & Maintained by Central Library, IMU-Mumbai

webs counters

Powered by Koha